Luli : una gatita de ciudad /
Guardado en:
| Autor Principal: | |
|---|---|
| Otros Autores: | |
| Formato: | Libro |
| Publicado: |
Buenos Aires :
Alfaguara,
2000.
|
| Series: | Alfaguara Infantil
|
| Materias: | |
| Etiquetas: |
Agregar Etiqueta
Sin Etiquetas, Sea el primero en etiquetar este registro!
|
| LEADER | 00637nam a22002055a 4500 | ||
|---|---|---|---|
| 001 | CEM.cems019785 | ||
| 008 | 221020s2000##################000#0#####d | ||
| 005 | 20221020103428.0 | ||
| 245 | 1 | 0 | |a Luli : |b una gatita de ciudad / |c Mempo Giardinelli ; ilustrado por Elena Hadida. |
| 260 | |a Buenos Aires : |b Alfaguara, |c 2000. | ||
| 300 | |a 58 p. | ||
| 490 | 0 | |a Alfaguara Infantil | |
| 020 | |a 9505115970 | ||
| 100 | 1 | |a Giardinelli, Mempo. | |
| 700 | 1 | |a Hadida, Elena; il. | |
| 082 | 0 | 4 | |a A868.4 |
| 653 | |a Litertura Argentina | ||
| 653 | |a Cuentos | ||
| 653 | |a Literatura juvenil | ||
| 859 | |a CEMS |b BIB. CEMS - Inicial y Primaria |h A863.4 |i G349 |k IP |p 1519 |t Ej.1 | ||
